La civilización carolingia /
Historia del imperio carolingio, que se extendió por Galia, Germania, Italia y parte de Cataluña. Se constituyó en imperio con la coronación del rey franco Carlomagno, por el Papa León III en el año 800.
Gardado en:
| Autor Principal: | |
|---|---|
| Formato: | Libro |
| Idioma: | Lingua castelá |
| Publicado: |
Madrid, España :
Guadarrama,
1968, c1968
|
| Series: | (Biblioteca para el Hombre Actual ;
32) |
| Temas: | |
| Etiquetas: |
Sen Etiquetas, Sexa o primeiro en etiquetar este rexistro!
|
MARC
| LEADER | 00000nam^a2200000^a^4500 | ||
|---|---|---|---|
| 001 | 000127046 | ||
| 005 | 20250521000000.0 | ||
| 009 | 20260310094747.773 | ||
| 037 | |a Acervo ITESO - Biblioteca | ||
| 041 | |a ESP | ||
| 082 | |a 944. 014 |b BOU | ||
| 100 | |a Boussard, Jacques |e (autor) | ||
| 245 | 1 | 3 | |a La civilización carolingia / |c J. Boussard ; tr. por Jaime Zarraluqui. |
| 264 | 4 | |a Madrid, España : |b Guadarrama, |c 1968, c1968 | |
| 300 | |a 253 p. | ||
| 336 | |a texto |b txt |2 rdacontenido | ||
| 337 | |a sin mediación |b n |2 rdamedio | ||
| 338 | |a volumen |b nc |2 rdasoporte | ||
| 440 | 1 | |a (Biblioteca para el Hombre Actual ; |v 32) | |
| 500 | |a Traducción de: Le siècle de Charlemagne | ||
| 520 | |a Historia del imperio carolingio, que se extendió por Galia, Germania, Italia y parte de Cataluña. Se constituyó en imperio con la coronación del rey franco Carlomagno, por el Papa León III en el año 800. | ||
| 649 | |a XX | ||
| 650 | |a Reyes Franceses | ||
| 650 | |a Literatura Medieval - |x Historia y Crítica | ||
| 650 | |a Arte Carolingio - |x Historia y Crítica | ||
| 650 | |a Arte Medieval - |x Historia y Crítica | ||
| 650 | |a Francia - |x Historia - |y Carolingios, 751-987 - |x Tema Principal | ||
| 650 | |a Francia - |x Historia - |y Período Antiguo, 753 a.C.-987 d.C | ||
| 650 | |a Europa - |x Historia - |y Siglo VIII | ||
| 650 | |a Europa - |x Historia - |y Siglo IX - |x Tema Principal | ||
| 650 | |a Europa - |x Historia - |y 476-1492 | ||
| 650 | |a Edad Media - |x Historia | ||
| 650 | |a Carlomagno, Rey de Francia - |x Tema Principal | ||
| 910 | |a Fondo Salvador Reynoso Reynoso | ||
| 920 | |a Impresos - Libros | ||
| 930 | |a Fondos Especiales | ||
| 905 | |a 112 | ||
| 901 | |a 0800009127 |b IT2 |c ESP |u 20250521 | ||
| 902 | |a https://opac.biblio.iteso.mx/vufind/Record/000127046 | ||